| 000 | 00374pab a2200145 454500 | ||
|---|---|---|---|
| 008 | 180718b1989 xxu||||| |||| 00| 0 eng d | ||
| 100 | _aDye, Kenneth M. | ||
| 245 | _aNeed for credible financial information about governments | ||
| 260 | _c1989 | ||
| 300 | _a608-9 | ||
| 362 | _aJan. | ||
| 650 | _aExpenditures, Government | ||
| 773 | _aChartered Accountant | ||
| 909 | _a7924 | ||
| 999 |
_c7924 _d7924 |
||